[Event "Druzynowe Mistrzostwa Polski Juniorow - Ekstraliga"]
[Site "Osrodek Wczasowo - Szkoleniowy "Relax" ul. Stroma 20, 43-450 Ustron"]
[Date "2011-07-01"]
[Round "8.1"]
[White "Swiercz, Dariusz"]
[Black "Sadzikowski, Daniel"]
[Result "1-0"]
[WhiteTitle "GM"]
[BlackTitle "FM"]
[WhiteElo "2553"]
[BlackElo "2374"]

1. Nf3 d5 2. c4 c6 3. e3 Nf6 4. Nc3 e6 5. Qc2 Bd6 6. d4 Nbd7 7. Be2 O-O 8. O-O
dxc4 9. Bxc4 a6 10. Rd1 b5 11. Be2 Qc7 12. e4 e5 13. g3 Re8 14. a3 h6 15. Be3
Ng4 16. Bd2 Bb7 17. Rac1 Qb6 18. Be1 Rad8 19. Nh4 exd4 20. Bxg4 Ne5 21. Be2 dxc3
22. Bxc3 Bb8 23. Nf5 Bc8 24. Rxd8 Qxd8 25. Rd1 Qc7 26. Nd6 Qxd6 27. Rxd6 Bxd6
28. Bxe5 Bxe5 29. Qxc6 Kf8 30. b4 Bh3 31. Qc5+ Kg8 32. Qe3 Rc8 33. Bf1 Rc3 34.
Qd2 Bxf1 35. Kxf1 Rxa3 36. Qd8+ Kh7 37. Qd5 f6 38. f4 Bc3 39. e5 fxe5 40. fxe5
Ra1+ 41. Kg2 Rc1 42. e6 Re1 43. Qf5+ 1-0

[Event "Druzynowe Mistrzostwa Polski Juniorow - Ekstraliga"]
[Site "Osrodek Wczasowo - Szkoleniowy "Relax" ul. Stroma 20, 43-450 Ustron"]
[Date "2011-07-01"]
[Round "8.2"]
[White "Lewicki, Miroslaw"]
[Black "Wieczorek, Oskar"]
[Result "1-0"]
[WhiteTitle "CM"]
[BlackTitle "m"]
[WhiteElo "2196"]
[BlackElo "2383"]

1. e4 c5 2. Nf3 d6 3. d4 cxd4 4. Nxd4 Nf6 5. Nc3 Nc6 6. Bc4 Qb6 7. Nb3 e6 8. Be3
Qc7 9. O-O a6 10. a4 Ne5 11. Be2 Nc4 12. Bg5 Be7 13. Qd4 Na5 14. Nd2 Bd7 15. Kh1
h6 16. Bh4 g5 17. Bg3 e5 18. Qe3 Be6 19. Rfd1 Rc8 20. Nf1 Nc6 21. Qd2 Nd4 22.
f3 g4 23. f4 Nh5 24. Bd3 exf4 25. Bxf4 Nxf4 26. Qxf4 Bg5 27. Qg3 Nc6 28. Ne3 Ne5
29. Ncd5 Qd8 30. Nf5 Bxf5 31. exf5 h5 32. Be4 Rc4 33. Qe1 f6 34. b3 Rc8 35. Qb4
O-O 36. Qxb7 Rf7 37. Qxa6 Kg7 38. Qb6 Qe8 39. Qxd6 Rc6 40. Qb4 g3 41. h3 Rc8 42.
a5 Rd8 43. a6 Rdd7 44. Qa4 Qb8 45. c4 Ng4 46. hxg4 hxg4 47. c5 Rde7 48. Qd4 Re5
49. c6 Rf8 50. a7 Qxb3 51. a8=Q Rxa8 52. Rxa8 Rxe4 53. Qa7+ 1-0

[Event "Druzynowe Mistrzostwa Polski Juniorow - Ekstraliga"]
[Site "Osrodek Wczasowo - Szkoleniowy "Relax" ul. Stroma 20, 43-450 Ustron"]
[Date "2011-07-01"]
[Round "8.3"]
[White "Khamidov, Komil"]
[Black "Ulanowski, Karol"]
[Result "0-1"]
[WhiteTitle "I"]
[BlackTitle "I"]
[WhiteElo "2040"]
[BlackElo "1949"]

1. e4 c5 2. Nf3 d6 3. d4 cxd4 4. Nxd4 Nf6 5. Nc3 a6 6. f4 e5 7. Nf3 Nbd7 8. Be2
Qc7 9. O-O b5 10. Nh4 g6 11. fxe5 dxe5 12. Kh1 Bg7 13. Bxb5 axb5 14. Nxb5 Qc5
15. Nd6+ Ke7 16. Nhf5+ gxf5 17. Nxf5+ Kf8 18. Be3 Qc7 19. Qd2 h5 20. Qb4+ Kg8
21. Rf3 h4 22. Ne7+ Kh7 23. Rh3 Bf8 24. Rxh4+ Kg7 25. Nf5+ Kg8 26. Qe1 Rxh4 27.
Qxh4 Nh7 28. Rf1 Ra6 29. Rf3 Rg6 30. c3 Ndf6 31. Bh6 Bxf5 32. Bxf8 Bxe4 0-1

[Event "Druzynowe Mistrzostwa Polski Juniorow - Ekstraliga"]
[Site "Osrodek Wczasowo - Szkoleniowy "Relax" ul. Stroma 20, 43-450 Ustron"]
[Date "2011-07-01"]
[Round "8.4"]
[White "Drop, Szymon"]
[Black "Kulas, Szymon"]
[Result "0-1"]
[WhiteTitle "II"]
[BlackTitle "I"]
[WhiteElo "1612"]
[BlackElo "1945"]

1. e4 c5 2. Nf3 Nc6 3. d4 cxd4 4. Nxd4 Nf6 5. Nc3 d6 6. Be2 e5 7. Nb3 Be7 8. O-O
O-O 9. f4 a5 10. a4 Nb4 11. Be3 Bd7 12. Bf3 Qc7 13. Rf2 Bc6 14. Rd2 b6 15. Nd5
Bxd5 16. exd5 e4 17. Be2 Qb7 18. c4 Nd7 19. Nd4 Bf6 20. Nf5 Qc7 21. Bf1 Nc5 22.
Qg4 Nb3 23. Rad1 Nxd2 24. Rxd2 Kh8 25. Bd4 Bxd4+ 26. Rxd4 g6 27. Qg5 f6 0-1

[Event "Druzynowe Mistrzostwa Polski Juniorow - Ekstraliga"]
[Site "Osrodek Wczasowo - Szkoleniowy "Relax" ul. Stroma 20, 43-450 Ustron"]
[Date "2011-07-01"]
[Round "8.5"]
[White "Iwanow, Anna"]
[Black "Chrzaszcz, Malvina"]
[Result "1-0"]
[WhiteTitle "WFM"]
[BlackTitle "k"]
[WhiteElo "2162"]
[BlackElo "2046"]

1. e4 c5 2. Nf3 d6 3. d4 cxd4 4. Nxd4 Nf6 5. Nc3 a6 6. Bg5 e6 7. Qe2 Qa5 8. f4
Be7 9. O-O-O Nbd7 10. g4 h6 11. Bxf6 Bxf6 12. h4 Nc5 13. Kb1 Na4 14. Nxa4 Qxa4
15. e5 dxe5 16. fxe5 Be7 17. Bg2 Bd7 18. Rh3 Rb8 19. Be4 Qa5 20. Bd3 Rc8 21. Rh2
Qb6 22. Qe4 Bc5 23. Bf1 Bxd4 24. Rxd4 Bc6 25. Qf4 Bd5 26. c4 Bc6 27. h5 Ke7 28.
Rf2 Rhf8 29. g5 Qa5 30. Rdd2 hxg5 31. Qxg5+ Ke8 32. a3 Rd8 33. Ka2 b5 34. b4 Qc7
35. Qxg7 bxc4 36. Bxc4 Bd5 37. Bxd5 Rxd5 38. Rc2 Qd7 39. h6 Rd3 40. Qg2 Rh8 41.
Rc5 Rd5 42. h7 Kf8 43. Rfc2 Rxc5 44. bxc5 Rxh7 45. c6 Qc7 46. Qd2 f6 47. Qd6+
Re7 48. Rf2 Ke8 49. Rxf6 Qb6 50. Rf1 Qb5 51. Rc1 Qe2+ 52. Ka1 Qe3 53. Qb8+ Kf7
54. Rf1+ Kg6 55. Qg8+ Rg7 56. Qxe6+ Kh5 57. Qf5+ 1-0

[Event "Druzynowe Mistrzostwa Polski Juniorow - Ekstraliga"]
[Site "Osrodek Wczasowo - Szkoleniowy "Relax" ul. Stroma 20, 43-450 Ustron"]
[Date "2011-07-01"]
[Round "8.6"]
[White "Kasperek, Kinga"]
[Black "Dadello, Aleksandra"]
[Result "1/2-1/2"]
[WhiteTitle "II+"]
[BlackTitle "I+"]
[WhiteElo "1493"]
[BlackElo "1802"]

1. c4 e5 2. Nc3 Nf6 3. g3 Bb4 4. Bg2 O-O 5. Nf3 Re8 6. d3 e4 7. Nd4 d5 8. O-O c5
9. Nb3 Bxc3 10. bxc3 dxc4 11. Nxc5 cxd3 12. exd3 Qa5 13. Nxe4 Nxe4 14. Bxe4 Qxc3
15. Bf4 Nc6 16. Re1 Bd7 17. Rc1 Qf6 18. Qb3 b6 19. h4 Rac8 20. Bg5 Qd6 21. Bf4
Qb4 22. Qxb4 Nxb4 23. Rxc8 Rxc8 24. a3 Nc2 25. Rc1 Nxa3 26. Ra1 Nb5 27. Bb7 Rc3
28. Ba6 Rxd3 29. Bxb5 Bxb5 30. Rxa7 Rd1+ 31. Kh2 Bc6 32. g4 h6 33. Ra6 Rh1+ 34.
Kg3 Rg1+ 35. Kh3 Bf3 36. Rxb6 Rxg4 37. Bg3 h5 38. Rb5 Rc4 39. Rb3 Bg4+ 40. Kg2
Kh7 41. Rb6 Rc3 42. Rb1 Rf3 43. Rb6 f6 44. Rb5 Kh6 45. Rc5 g5 46. Rb5 Kg6 47.
Rc5 Rf5 48. Rc3 Rd5 49. Rc2 Bf5 50. Rc1 Rd4 51. hxg5 fxg5 52. Rc6+ Kh7 53. Rc7+
Rd7 54. Rc1 h4 55. Bh2 g4 56. Rc7 Rxc7 57. Bxc7 Be4+ 58. Kh2 Kg6 59. Bd8 Kh5 60.
Be7 Bf3 61. Bd8 h3 62. Bc7 Kg5 63. Bg3 Kf5 64. Bh4 Ke4 65. Bg3 Bg2 66. Bh4 Kf3
67. Bg3 Ke2 1/2-1/2

[Event "Druzynowe Mistrzostwa Polski Juniorow - Ekstraliga"]
[Site "Osrodek Wczasowo - Szkoleniowy "Relax" ul. Stroma 20, 43-450 Ustron"]
[Date "2011-07-01"]
[Round "8.7"]
[White "Dragun, Kamil"]
[Black "Lapaj, Mateusz"]
[Result "1/2-1/2"]
[WhiteTitle "IM"]
[BlackTitle "I+"]
[WhiteElo "2420"]
[BlackElo "2021"]

1. e4 c5 2. Nf3 Nc6 3. d4 cxd4 4. Nxd4 e5 5. Nb5 d6 6. N1c3 a6 7. Na3 Be7 8. Nc4
b5 9. Ne3 Nf6 10. g3 O-O 11. Bg2 b4 12. Ncd5 Nxd5 13. Nxd5 Bg5 14. O-O Bxc1 15.
Rxc1 Be6 16. Qd3 Bxd5 17. exd5 Ne7 18. c4 Qb6 19. c5 dxc5 20. d6 Nc6 21. d7 Rab8
22. Qd5 Nd4 23. Qxe5 Rbd8 24. Qe7 Qe6 25. Qxe6 fxe6 26. Rxc5 Rxd7 27. Re1 Rd6
28. f4 b3 29. axb3 Nxb3 30. Rc6 Rxc6 31. Bxc6 Nd4 32. Be4 Rb8 33. Rb1 g6 34. Kf1
Rb3 35. Rd1 Rb4 36. Rd2 Kf7 37. Kf2 e5 38. Ke3 Ke6 39. fxe5 Kxe5 1/2-1/2

[Event "Druzynowe Mistrzostwa Polski Juniorow - Ekstraliga"]
[Site "Osrodek Wczasowo - Szkoleniowy "Relax" ul. Stroma 20, 43-450 Ustron"]
[Date "2011-07-01"]
[Round "8.8"]
[White "Szolc, Grzegorz"]
[Black "Siwiec, Arkadiusz"]
[Result "0-1"]
[WhiteTitle "II"]
[BlackTitle "I++"]
[WhiteElo "1733"]
[BlackElo "2123"]

1. e4 c5 2. Nf3 d6 3. d4 cxd4 4. Nxd4 Nf6 5. Nc3 a6 6. Bg5 Nbd7 7. f4 Qc7 8. Qf3
h6 9. Bxf6 Nxf6 10. h3 e6 11. O-O-O b5 12. Bd3 b4 13. Nce2 Bb7 14. Rhf1 Nd7 15.
Kb1 Nc5 16. Nc1 Be7 17. g4 Bf6 18. Ndb3 Na4 19. Ne2 Nxb2 20. Rde1 Na4 21. Qe3
Rc8 22. f5 Nc3+ 23. Nxc3 Qxc3 24. Qc1 O-O 25. Rf3 a5 26. Ref1 Qe5 27. fxe6 fxe6
28. Rxf6 Rxf6 29. Rxf6 gxf6 30. Qxh6 Bxe4 31. Bxe4 Qxe4 32. Qd2 a4 33. Nc1 d5
34. Nd3 Qh1+ 0-1

[Event "Druzynowe Mistrzostwa Polski Juniorow - Ekstraliga"]
[Site "Osrodek Wczasowo - Szkoleniowy "Relax" ul. Stroma 20, 43-450 Ustron"]
[Date "2011-07-01"]
[Round "8.9"]
[White "Koitka, Jakub"]
[Black "Rosicki, Marcin"]
[Result "1/2-1/2"]
[WhiteTitle "I"]
[BlackTitle "II"]
[WhiteElo "1920"]
[BlackElo "1603"]

1. e4 e5 2. Nf3 Nc6 3. Bb5 a6 4. Ba4 Nf6 5. O-O b5 6. Bb3 Bb7 7. c3 Nxe4 8. d4
d6 9. Re1 Na5 10. Qc2 Nxb3 11. axb3 Nf6 12. dxe5 dxe5 13. Rxe5+ Be7 14. Qe2 Ng4
15. Rg5 Bxf3 16. gxf3 Nf6 17. Rxg7 Qd6 18. c4 O-O-O 19. Nc3 b4 20. c5 Qd3 21.
Qxd3 Rxd3 22. Ne2 Bxc5 23. Rxa6 Nd7 24. Ra8+ Nb8 25. Rg5 Kb7 26. Rxb8+ Kxb8 27.
Rxc5 Rg8+ 28. Ng3 h5 29. Kf1 h4 30. Ne4 Rxf3 31. Be3 Re8 32. Nd2 Rexe3 33. Nxf3
Rxf3 34. Rb5+ Kc8 35. Rxb4 Kd7 36. Rxh4 Rxb3 37. Rd4+ Ke6 38. Rd2 c5 39. Kg2 c4
40. h4 Kf6 41. f3 Kg6 42. Kg3 Rb4 43. Rd4 Kf5 44. b3 Rxb3 45. Rxc4 Rb1 46. Rc5+
Kg6 47. Rg5+ Kh6 48. Kg4 Rb4+ 49. f4 Rb6 50. Re5 Rg6+ 51. Kf5 Kg7 52. Rb5 Rh6
53. Kg4 Rg6+ 54. Rg5 Kh6 55. Rxg6+ Kxg6 56. f5+ Kh6 57. Kf4 f6 58. Kf3 Kh5 59.
Kg3 Kh6 1/2-1/2

[Event "Druzynowe Mistrzostwa Polski Juniorow - Ekstraliga"]
[Site "Osrodek Wczasowo - Szkoleniowy "Relax" ul. Stroma 20, 43-450 Ustron"]
[Date "2011-07-01"]
[Round "8.10"]
[White "Erdmann, Krzysztof"]
[Black "Delekta, Filip"]
[Result "1/2-1/2"]
[WhiteTitle "II"]
[BlackTitle "II+"]
[WhiteElo "1597"]
[BlackElo "1848"]

1. e4 c5 2. Nc3 g6 3. g3 Bg7 4. Bg2 Nc6 5. d3 d6 6. Be3 Rb8 7. Nf3 Nd4 8. O-O b5
9. Bxd4 cxd4 10. Ne2 e5 11. Nd2 Nh6 12. c3 dxc3 13. bxc3 O-O 14. Rb1 f5 15. a4
a6 16. axb5 axb5 17. Qb3+ Kh8 18. Qd5 Qd7 19. c4 f4 20. cxb5 Ng4 21. Nf3 g5 22.
Nxg5 fxg3 23. hxg3 Qe7 24. Nf3 Be6 25. Qc6 Rfc8 26. Qa6 Ra8 27. Qb6 Rcb8 28. Qc6
Rc8 29. Qb6 Rcb8 30. Qc6 Rc8 1/2-1/2

[Event "Druzynowe Mistrzostwa Polski Juniorow - Ekstraliga"]
[Site "Osrodek Wczasowo - Szkoleniowy "Relax" ul. Stroma 20, 43-450 Ustron"]
[Date "2011-07-01"]
[Round "8.11"]
[White "Wisniowska, Klaudia"]
[Black "Rudol, Maria"]
[Result "1-0"]
[WhiteTitle "k"]
[BlackTitle "II"]
[WhiteElo "2022"]
[BlackElo "1462"]

1. d4 d5 2. c4 e6 3. Nf3 Nf6 4. g3 Bb4+ 5. Nbd2 O-O 6. Qc2 c6 7. Bg2 Nbd7 8. O-O
Bxd2 9. Bxd2 h6 10. b3 Re8 11. Bc3 Qc7 12. Bb2 Ne4 13. Nd2 Nxd2 14. Qxd2 Nf6 15.
f3 Bd7 16. e4 dxe4 17. fxe4 Nh7 18. e5 Rad8 19. Qf4 Bc8 20. Kh1 b6 21. Rad1 Bb7
22. Qg4 Nf8 23. h4 c5 24. d5 exd5 25. cxd5 Bc8 26. Qh5 Nh7 27. Rf4 Rf8 28. Kh2
Bb7 29. d6 Qd7 30. Bh3 Qe8 31. Qg4 Rb8 32. e6 f6 33. e7 Rf7 34. Qd7 Bc6 35. Qxe8+
Bxe8 36. Be6 Rb7 37. b4 cxb4 38. Rc4 Bd7 39. Bxd7 Rxd7 40. e8=Q+ 1-0

[Event "Druzynowe Mistrzostwa Polski Juniorow - Ekstraliga"]
[Site "Osrodek Wczasowo - Szkoleniowy "Relax" ul. Stroma 20, 43-450 Ustron"]
[Date "2011-07-01"]
[Round "8.12"]
[White "Rudol, Matylda"]
[Black "Gora, Antonina"]
[Result "0-1"]
[WhiteTitle "II"]
[BlackTitle "II+"]
[WhiteElo "1466"]
[BlackElo "1667"]

1. e4 c5 2. c3 Nf6 3. e5 Nd5 4. d4 cxd4 5. cxd4 Nc6 6. Nf3 d6 7. Bc4 e6 8. Qe2
Nb6 9. Bg5 Qc7 10. Bb5 a6 11. Bxc6+ bxc6 12. Nc3 d5 13. Rc1 h6 14. Bf4 Be7 15.
b3 O-O 16. O-O Qd7 17. Qe3 Bb7 18. Ne2 Kh7 19. h3 Rh8 20. Nh2 Kg8 21. Bg3 Qd8
22. f4 g6 23. Be1 Nc8 24. Qg3 Kf8 25. Ng4 h5 26. Ne3 Ke8 27. f5 exf5 28. e6 Nd6
29. exf7+ Kxf7 30. Nf4 Rg8 31. Nd3 Bf6 32. Qf4 Re8 33. Ne5+ Kg7 34. Qg3 Bg5 35.
Rc3 Ne4 36. Qf3 Nxc3 37. Bxc3 Bxe3+ 38. Qxe3 Qe7 39. Bd2 Rh8 40. Qg3 Qf6 41. Qg5
Qe6 42. Qh4 Rae8 43. Re1 Rhf8 44. Qg3 Qd6 45. Bh6+ Kxh6 46. Nf7+ Rxf7 47. Qxd6
Rxe1+ 48. Kf2 Re4 49. Qd8 Kg7 50. Qd6 Rfe7 51. Kf3 Kf7 52. g4 fxg4+ 53. hxg4 Rxg4
54. Qd8 Rxd4 55. Qh8 Rde4 56. Qh7+ Kf6 57. Qh8+ Kg5 58. Qb8 Re3+ 59. Kf2 Kg4 60.
Qd6 g5 61. Qh2 Re2+ 0-1

[Event "Druzynowe Mistrzostwa Polski Juniorow - Ekstraliga"]
[Site "Osrodek Wczasowo - Szkoleniowy "Relax" ul. Stroma 20, 43-450 Ustron"]
[Date "2011-07-01"]
[Round "8.13"]
[White "Kanarek, Marcel"]
[Black "Matuszewski, Michal"]
[Result "1-0"]
[WhiteTitle "IM"]
[BlackTitle "m"]
[WhiteElo "2435"]
[BlackElo "2319"]

1. d4 Nf6 2. c4 e6 3. Nc3 Bb4 4. e3 b6 5. Bd3 Bb7 6. Nf3 c5 7. O-O O-O 8. Qe2 d6
9. Bd2 Nbd7 10. e4 cxd4 11. Nxd4 Nc5 12. f3 Rc8 13. Rac1 d5 14. cxd5 exd5 15.
e5 Nfe4 16. a3 Nxc3 17. Bxc3 Nxd3 18. Qxd3 Bc5 19. Kh1 Bxd4 20. Bxd4 Qd7 21. f4
Rxc1 22. Rxc1 Rc8 23. Re1 g6 24. e6 fxe6 25. Qe3 Qf7 26. Qe5 Kf8 27. h4 Ke7 28.
Bc3 Kd7 29. Bb4 Rc6 30. Qb8 Rc7 31. Qxa7 Qxf4 32. Qxb6 Bc6 33. Kg1 e5 34. Ba5
Rc8 35. Qa7+ Ke6 36. Bc3 d4 37. Bxd4 Be4 38. Bc3 Qg4 39. Qb6+ Kd5 40. Qb7+ Rc6
41. Qf7+ Re6 42. Qd7+ Kc5 43. Bb4+ 1-0

[Event "Druzynowe Mistrzostwa Polski Juniorow - Ekstraliga"]
[Site "Osrodek Wczasowo - Szkoleniowy "Relax" ul. Stroma 20, 43-450 Ustron"]
[Date "2011-07-01"]
[Round "8.14"]
[White "Matuszczyk, Przemyslaw"]
[Black "Weichhold, Pawel"]
[Result "1-0"]
[WhiteTitle "I++"]
[BlackTitle "k+"]
[WhiteElo "2032"]
[BlackElo "2285"]

1. d4 Nf6 2. g3 g6 3. Bg2 Bg7 4. e4 O-O 5. Nc3 d6 6. Nge2 e5 7. h3 a5 8. a4 Na6
9. O-O Re8 10. Be3 exd4 11. Bxd4 c6 12. Qd2 Nc5 13. f3 Qb6 14. Kh1 Be6 15. g4
Rad8 16. Ng3 Qb4 17. Rad1 Bc4 18. Rfe1 Ne6 19. Bf2 d5 20. Qc1 dxe4 21. Ngxe4 Nxe4
22. Rxe4 Nc5 23. Rxd8 Rxd8 24. Qg5 Rd5 25. Re8+ Bf8 26. Nxd5 Bxd5 27. Bxc5 Qxc5
28. c3 Kg7 29. Qe5+ f6 30. Qe3 Qxe3 31. Rxe3 Kf7 32. Bf1 Bc5 33. Rd3 Ke6 34. Be2
Ke5 35. Bd1 g5 36. b3 Bd6 37. Kg2 Bc7 38. Bc2 h6 39. c4 Be6 40. Re3+ Kd6 41. Bf5
Bxf5 42. gxf5 Kd7 43. Re6 Be5 44. h4 Bd4 45. hxg5 hxg5 46. Kg3 Kc7 47. Kg4 Kb6
48. Re7 Bc3 49. Kh5 Kc5 50. Rxb7 Kd4 51. Re7 Kd3 52. Kg6 Kc2 53. Rb7 Kd3 54. Rf7
1-0

[Event "Druzynowe Mistrzostwa Polski Juniorow - Ekstraliga"]
[Site "Osrodek Wczasowo - Szkoleniowy "Relax" ul. Stroma 20, 43-450 Ustron"]
[Date "2011-07-01"]
[Round "8.15"]
[White "Lebiedowicz, Borys"]
[Black "Cieslak, Patrycjusz"]
[Result "0-1"]
[WhiteTitle "II"]
[BlackTitle "II"]
[WhiteElo "1682"]
[BlackElo "1734"]

1. e4 e5 2. Nf3 Nc6 3. Bc4 Bc5 4. O-O Nf6 5. d4 exd4 6. e5 d5 7. exf6 dxc4 8. Re1+
Be6 9. Ng5 Qd5 10. Nc3 Qf5 11. Nce4 O-O-O 12. g4 Qe5 13. fxg7 Rhg8 14. Nxe6 fxe6
15. Bh6 Be7 16. Qf3 Qd5 17. c3 Ne5 18. Qg2 d3 19. b3 cxb3 20. axb3 Kb8 21. Qg3
Ng6 22. b4 a6 23. Ra5 Qc6 24. Qe3 Qb6 25. Qf3 e5 26. Rea1 Nh4 27. Qg3 Qxh6 28.
g5 Bxg5 29. Nxg5 Qxg5 30. b5 Qxg3+ 31. hxg3 Rxg7 32. bxa6 b6 33. a7+ Ka8 34. R5a4
Nf3+ 35. Kf1 Rf7 0-1

[Event "Druzynowe Mistrzostwa Polski Juniorow - Ekstraliga"]
[Site "Osrodek Wczasowo - Szkoleniowy "Relax" ul. Stroma 20, 43-450 Ustron"]
[Date "2011-07-01"]
[Round "8.16"]
[White "Koziol, Kamil"]
[Black "Januszkiewicz, Wojciech"]
[Result "0-1"]
[WhiteTitle "II"]
[BlackTitle "II"]
[WhiteElo "1768"]
[BlackElo "1749"]

1. e4 c5 2. Nf3 e6 3. d4 cxd4 4. Nxd4 a6 5. Nc3 Qc7 6. Bd3 Bc5 7. Nb3 Be7 8. O-O
Nf6 9. Kh1 Nc6 10. f4 d6 11. Bd2 b5 12. a3 Bb7 13. Qf3 O-O 14. Rae1 Rfd8 15. Qh3
b4 16. axb4 Nxb4 17. Nb5 axb5 18. Bxb4 e5 19. fxe5 dxe5 20. Bd2 b4 21. Bg5 Bc8
22. Qh4 Be6 23. Re3 Ra7 24. Rg3 Ne8 25. Bxe7 Qxe7 26. Qxe7 Rxe7 27. Nd2 g6 28.
Nc4 f6 29. Ra1 Kg7 30. Re3 Red7 31. Ree1 Rd4 32. b3 Nd6 33. Nxd6 R8xd6 34. Rab1
Rc6 35. Kg1 Rc3 36. Re3 Rc5 37. Rbe1 Rc3 38. Rb1 Rc5 39. Rbe1 Kf7 40. Kf2 Ra5
41. h3 h5 42. Kf3 h4 43. Kf2 Ke7 44. g4 hxg3+ 45. Rxg3 Kf7 46. Rge3 Ra8 47. Kg2
Rad8 48. Rd1 Kg7 49. Kf2 Rh8 50. Rh1 Rhd8 51. Rd1 R8d7 52. Rg3 Kf7 53. Rdg1 g5
54. Rb1 Rd8 55. Kf3 Rh8 56. Kg2 Rh4 57. Re1 Bd7 58. Re2 Bc6 59. Rg4 Rh5 60. Kh2
Bd7 61. Rg3 g4 62. Rd2 Rxh3+ 63. Rxh3 gxh3 64. Bc4+ Ke7 65. Bd3 f5 66. Re2 f4
67. Re1 Kf6 68. Ra1 Be6 69. Ra6 Kf7 70. Ra7+ Rd7 71. Ra4 Rb7 72. Ra6 Bg4 73. Rh6
Kg7 74. Rc6 f3 75. Rc5 Kf6 76. Rc6+ Kg5 77. Kg3 Rh7 78. Kh2 Kf4 79. Rf6+ Ke3 80.
Rg6 Bd7 81. Rg5 Rf7 82. Rxe5 f2 83. Rd5 Bg4 84. Bf1 Be2 85. Bxh3 Rh7 86. Rf5 Rxh3+
87. Kxh3 f1=Q+ 88. Rxf1 Bxf1+ 89. Kg3 Kd2 90. e5 Kxc2 91. e6 Bb5 0-1

[Event "Druzynowe Mistrzostwa Polski Juniorow - Ekstraliga"]
[Site "Osrodek Wczasowo - Szkoleniowy "Relax" ul. Stroma 20, 43-450 Ustron"]
[Date "2011-07-01"]
[Round "8.17"]
[White "Adamowicz, Katarzyna"]
[Black "Krupa, Anna"]
[Result "1-0"]
[WhiteTitle "WFM"]
[BlackTitle "I++"]
[WhiteElo "2106"]
[BlackElo "1899"]

1. e4 c6 2. d4 d5 3. Nc3 dxe4 4. Nxe4 Bf5 5. Ng3 Bg6 6. h4 h6 7. h5 Bh7 8. Nf3
Nd7 9. Bd3 Bxd3 10. Qxd3 e6 11. Bd2 Qc7 12. Qe2 Ngf6 13. O-O-O O-O-O 14. Ne5 Nb6
15. c4 c5 16. Be3 cxd4 17. Bxd4 Bd6 18. Kb1 Bxe5 19. Bxe5 Qc6 20. f3 Rxd1+ 21.
Rxd1 Rd8 22. Rxd8+ Kxd8 23. Qd3+ Ke7 24. Qa3+ Ke8 25. Bxf6 gxf6 26. Ne4 e5 27.
Nd6+ Kd7 28. c5 Qd5 29. Kc2 a6 30. Qb4 Qc6 31. Qg4+ Kc7 32. b4 a5 33. a3 axb4
34. axb4 Nd7 35. Qg8 Qa4+ 36. Kc1 Qa3+ 37. Kd1 Qb3+ 38. Ke2 Qb2+ 39. Kf1 Qc1+
40. Kf2 Qd2+ 41. Kg3 Qe1+ 42. Kg4 f5+ 43. Kxf5 Qb1+ 44. Ne4 Qb3 45. Qe8 Qa2 46.
g3 Qg2 47. Kg4 f5+ 48. Kxf5 Qxf3+ 49. Ke6 Qg4+ 50. Ke7 Qg7+ 51. Qf7 Qh8 52. Ke6
Kc6 53. Qxd7# 1-0

[Event "Druzynowe Mistrzostwa Polski Juniorow - Ekstraliga"]
[Site "Osrodek Wczasowo - Szkoleniowy "Relax" ul. Stroma 20, 43-450 Ustron"]
[Date "2011-07-01"]
[Round "8.18"]
[White "Konopacka, Martyna"]
[Black "Czaplewska, Klara"]
[Result "0-1"]
[WhiteTitle "II+"]
[BlackTitle "I"]
[WhiteElo "1646"]
[BlackElo "1586"]

1. e4 e5 2. Nf3 Nc6 3. Bc4 Bc5 4. c3 Nf6 5. d3 d6 6. Bb3 a6 7. Nbd2 Be6 8. Bc2
d5 9. Qe2 Qe7 10. h3 O-O 11. Nf1 Rad8 12. Ng3 h6 13. Nh2 dxe4 14. dxe4 b5 15.
Ng4 Nxg4 16. hxg4 Qd7 17. Nf5 Bc4 18. Qf3 Bd3 19. Nxh6+ gxh6 20. Bxh6 Bxc2 21.
Qf6 Qxg4 22. Bd2 Qg7 23. Qxc6 Bxf2+ 24. Kxf2 Rxd2+ 25. Ke1 Qxg2 26. Rh8+ Kxh8
27. Qh6+ Kg8 28. Qxd2 Qxd2+ 29. Kxd2 Bxe4 30. Rg1+ Bg6 31. Ke3 Kg7 32. Rg5 f5
33. Rg1 f4+ 34. Ke2 e4 35. Kf2 Kf6 36. Rg4 Kf5 37. Rg1 Bf7 38. b3 e3+ 39. Ke1
f3 40. Rh1 Re8 41. Rh4 f2+ 42. Ke2 Kg5 43. Rd4 Bh5+ 44. Kf1 e2+ 45. Kg2 f1=Q+
0-1

[Event "Druzynowe Mistrzostwa Polski Juniorow - Ekstraliga"]
[Site "Osrodek Wczasowo - Szkoleniowy "Relax" ul. Stroma 20, 43-450 Ustron"]
[Date "2011-07-01"]
[Round "8.19"]
[White "Strzemiecki, Zbigniew"]
[Black "Klepaczka, Tomasz"]
[Result "1-0"]
[WhiteTitle "FM"]
[BlackTitle "I++"]
[WhiteElo "2422"]
[BlackElo "2119"]

1. Nf3 d5 2. c4 d4 3. e3 c5 4. exd4 cxd4 5. d3 Nc6 6. g3 e5 7. Bg2 Bd6 8. O-O Nge7
9. Na3 O-O 10. Nc2 a5 11. Rb1 Bg4 12. h3 Bf5 13. a3 a4 14. b4 axb3 15. Rxb3 Qc8
16. Kh2 Be6 17. Ng5 Bf5 18. Ne4 Bxe4 19. Bxe4 f5 20. Bg2 f4 21. Be4 Nd8 22. Bd2
Ra7 23. Qb1 Ne6 24. Rb6 Ng5 25. Bg2 Nc6 26. h4 f3 27. Bxg5 fxg2 28. Kxg2 Qf5 29.
Ne1 Rxa3 30. Rxb7 e4 31. Qb5 exd3 32. Qxf5 Rxf5 33. Nf3 h6 34. Rb6 Rc5 35. Bc1
Ra1 36. Nd2 Bc7 37. Rb7 Na5 38. Ra7 Rc6 39. Kf3 Ra4 40. Ke4 Rb4 41. Ba3 Ra4 42.
Bc1 Rb4 43. Kxd3 Nb3 44. Re1 Nxd2 45. Re8+ Kf7 46. Rc8 Rbxc4 47. Bxd2 Kg6 48.
g4 h5 49. f3 hxg4 50. fxg4 Kh7 51. Raa8 Bd6 52. Re8 Kg6 53. Re6+ 1-0

[Event "Druzynowe Mistrzostwa Polski Juniorow - Ekstraliga"]
[Site "Osrodek Wczasowo - Szkoleniowy "Relax" ul. Stroma 20, 43-450 Ustron"]
[Date "2011-07-01"]
[Round "8.20"]
[White "Budzinski, Jan"]
[Black "Krzyzanowski, Marcin"]
[Result "0-1"]
[WhiteTitle "I"]
[BlackTitle "m"]
[WhiteElo "1960"]
[BlackElo "2370"]

1. e4 c5 2. f4 e6 3. Nc3 a6 4. g3 b5 5. Bg2 Bb7 6. d3 d5 7. Qe2 Be7 8. Nf3 b4 9.
Nd1 dxe4 10. dxe4 Nf6 11. Ne5 Nc6 12. Nxc6 Bxc6 13. c4 bxc3 14. Nxc3 Qb6 15. Be3
Rb8 16. Rb1 Qb7 17. Bf2 h5 18. h3 h4 19. g4 Nd7 20. O-O Bf6 21. Rfc1 O-O 22. g5
Bd4 23. Nd1 Rfd8 24. Kh2 Bb5 25. Qc2 Nf8 26. a4 Bd3 27. Qxd3 Bxf2 28. Qf3 Bg3+
29. Kh1 Ng6 30. f5 exf5 31. exf5 Qxf3 32. Bxf3 Ne5 33. Bg2 Nd3 34. Rc2 Bf4 35.
g6 fxg6 36. fxg6 Rb6 37. Be4 Ne5 38. Rxc5 Nxg6 39. Bd5+ Kh8 40. Nc3 Be3 41. Rc4
Rbd6 42. Bf7 Nf4 43. Re4 Bd2 44. Ne2 g5 45. Nxf4 Bxf4 46. Rbe1 Bg3 47. R1e2 Rd2
48. Kg2 Rxe2+ 49. Rxe2 Rd4 50. b3 Kg7 51. Bc4 a5 52. Re6 Rf4 53. Re7+ Kg6 54.
Re6+ Kf5 55. Re2 Rd4 56. Kf3 Be5 57. Bb5 Rd1 58. Kg2 Bd4 59. Bc6 Rg1+ 60. Kh2
Rg3 61. Bd5 Be5 62. Bc4 Kf6 63. Rf2+ Bf4 64. Rf1 Kg7 65. Rf2 Rxb3+ 66. Kg2 Rg3+
67. Kf1 Rxh3 68. Be6 Ra3 69. Ra2 Rxa2 70. Bxa2 Kf6 71. Bb1 g4 0-1

[Event "Druzynowe Mistrzostwa Polski Juniorow - Ekstraliga"]
[Site "Osrodek Wczasowo - Szkoleniowy "Relax" ul. Stroma 20, 43-450 Ustron"]
[Date "2011-07-01"]
[Round "8.21"]
[White "Jarmula, Lukasz"]
[Black "Osinski, Emil"]
[Result "1-0"]
[WhiteTitle "I+"]
[BlackTitle "II"]
[WhiteElo "1871"]
[BlackElo "1685"]

1. e4 c6 2. d4 d5 3. e5 Bf5 4. Nd2 e6 5. Nb3 Nd7 6. Nf3 a6 7. Be2 Qc7 8. O-O c5
9. c3 c4 10. Nbd2 f6 11. Re1 fxe5 12. Nxe5 Nxe5 13. dxe5 Bc5 14. Nf3 Ne7 15. Bf1
O-O 16. Nd4 Bxd4 17. Qxd4 Nc6 18. Qe3 Rad8 19. Qg3 b5 20. b3 cxb3 21. axb3 Qb7
22. Ba3 Rf7 23. Bd6 Ra8 24. Qe3 Bg6 25. Ra2 Ne7 26. Rea1 Nf5 27. Qc5 Rc8 28. Qb4
Nxd6 29. Qxd6 Rc6 30. Qb4 h6 31. Qd4 Rfc7 32. h4 Rc8 33. Be2 Bf7 34. Kh2 Kh8 35.
Bd3 Kg8 36. Rc1 Qc7 37. Rac2 Qb7 38. Qg4 Qc7 39. f4 Qb8 40. Qf3 Qc7 41. g4 Qe7
42. Qg3 Rb8 43. g5 hxg5 44. hxg5 g6 45. Qh4 Qf8 46. Kg3 Qg7 47. Kg4 Rbc8 48. Qg3
Kf8 49. Qe3 Ke7 50. Rh1 Qg8 51. Qd4 Qe8 52. Rh7 Kd8 53. Rch2 Rxc3 54. Qb6+ R8c7
55. Rh8 Bg8 56. Qb8+ Kd7 57. R2h7+ 1-0

[Event "Druzynowe Mistrzostwa Polski Juniorow - Ekstraliga"]
[Site "Osrodek Wczasowo - Szkoleniowy "Relax" ul. Stroma 20, 43-450 Ustron"]
[Date "2011-07-01"]
[Round "8.22"]
[White "Osinski, Kamil"]
[Black "Maciejewski, Andrzej"]
[Result "1-0"]
[WhiteTitle "II+"]
[BlackTitle "I"]
[WhiteElo "1708"]
[BlackElo "1747"]

1. e4 c5 2. Nf3 Nc6 3. Bb5 e6 4. O-O Nf6 5. Qe2 a6 6. Bxc6 bxc6 7. d3 Be7 8. Nc3
O-O 9. Bg5 d5 10. e5 Nd7 11. Bxe7 Qxe7 12. Nd2 a5 13. f4 Ba6 14. b3 Rae8 15. Rae1
Nb6 16. Rf3 f5 17. Rh3 c4 18. bxc4 dxc4 19. d4 Nd5 20. Nxd5 cxd5 21. c3 Rb8 22.
Nf3 h6 23. Nh4 Qf7 24. Rg3 Rb7 25. Rg6 Rfb8 26. Qh5 Kh7 27. h3 Rb1 28. Rxh6+ Kg8
29. Rh8# 1-0